<The> McGraw-Hill dictionary of modern economics <a> handbook of terms and organizations

Saved in:
Bibliographic Details
Format: Book
Language:English
Published: New York McGraw-Hill 1965
Tags: Add Tag
No Tags, Be the first to tag this record!

MARC

LEADER 00000nam a2200000 4500
001 c122849
005 20221207065830.6
041 0 |a eng 
044 |a US 
245 1 0 |a <The> McGraw-Hill dictionary of modern economics  |b <a> handbook of terms and organizations 
264 1 |a New York  |b McGraw-Hill  |c 1965 
300 |a 697 s.